Life in Ancient Africa / (Record no. 1968)

MARC details
000 -LEADER
fixed length control field 01432cam a2200337 a 4500
001 - CONTROL NUMBER
control field 1968
003 - CONTROL NUMBER IDENTIFIER
control field FISKH
005 - DATE AND TIME OF LATEST TRANSACTION
control field 20231023104447.0
008 - FIXED-LENGTH DATA ELEMENTS--GENERAL INFORMATION
fixed length control field 050113s2005 nyuab j 001 0 eng
010 ## - LIBRARY OF CONGRESS CONTROL NUMBER
LC control number 2005001099
020 ## - INTERNATIONAL STANDARD BOOK NUMBER
International Standard Book Number 0778720438 (alk. paper)
020 ## - INTERNATIONAL STANDARD BOOK NUMBER
International Standard Book Number 077872073X (pbk. : alk. paper)
020 ## - INTERNATIONAL STANDARD BOOK NUMBER
International Standard Book Number 9780778720430
020 ## - INTERNATIONAL STANDARD BOOK NUMBER
International Standard Book Number 9780778720737
035 ## - SYSTEM CONTROL NUMBER
System control number (OCoLC)ocm57475868
040 ## - CATALOGING SOURCE
Original cataloging agency DLC
Transcribing agency DLC
Modifying agency VP@
-- BAKER
-- C#P
-- JP3
-- DLC
Language of cataloging eng
043 ## - GEOGRAPHIC AREA CODE
Geographic area code f------
050 00 - LIBRARY OF CONGRESS CALL NUMBER
Classification number DT24
Item number .R53 2005
082 00 - DEWEY DECIMAL CLASSIFICATION NUMBER
Classification number 960/.1
Edition number 22
100 1# - MAIN ENTRY--PERSONAL NAME
Personal name Richardson, Hazel.
245 10 - TITLE STATEMENT
Title Life in Ancient Africa /
Statement of responsibility, etc. Hazel Richardson.
260 ## - PUBLICATION, DISTRIBUTION, ETC.
Place of publication, distribution, etc. New York :
Name of publisher, distributor, etc. Crabtree,
Date of publication, distribution, etc. 2005.
300 ## - PHYSICAL DESCRIPTION
Extent 29 pages :
Other physical details col. ill., col. map ;
Dimensions 28 cm
440 #0 - SERIES STATEMENT/ADDED ENTRY--TITLE
Title Peoples of the ancient world
520 ## - SUMMARY, ETC.
Summary, etc. From the first hunting and gathering societies to the great Nubian kingdoms of Kush, Africa has for centuries been the center of great cultural activity across its mountains, deserts, and rainforests. Life in Ancient Africa portrays the major civilizations of the ancient African era using maps and beautiful full-color photographs and illustrations.
521 8# - TARGET AUDIENCE NOTE
Target audience note 1060<br/>
Source Lexile IG<br/>
651 #0 - SUBJECT ADDED ENTRY--GEOGRAPHIC NAME
Geographic name Africa
General subdivision History
Chronological subdivision To 1498
Form subdivision Juvenile literature.
906 ## - LOCAL DATA ELEMENT F, LDF (RLIN)
a 7
b cbc
c orignew
d 1
e ecip
f 20
g y-gencatlg
942 ## - ADDED ENTRY ELEMENTS (KOHA)
Source of classification or shelving scheme Dewey Decimal Classification
Koha item type Books
Suppress in OPAC No
Holdings
Withdrawn status Lost status Source of classification or shelving scheme Damaged status Not for loan Collection Home library Current library Shelving location Date acquired Total Checkouts Full call number Barcode Date last seen Date last checked out Price effective from Koha item type
    Dewey Decimal Classification     Non-Fiction Footprints International School Library Network Toul Kork Campus Footprints International School Library Network Toul Kork Campus   10/23/2023 1 RIC 960.1 DT24.R53 FISTK00994 04/25/2024 01/11/2024 10/23/2023 Books